00617nam a2200193Ia 4500008004100000020001500041082001400056100001800070245003900088250000800127260004200135300002900177500000700206600002100213650005000234942000700284952011700291999001500408240925s9999 xx 000 0 und d a8129702118 a004.6 HEL aHeld, Gilbert 0aUnderstanding Data Communications  a7th aSingapore:bPearson educationc,2003. axxxiv,973p.bNAfPirated aNA aComputer Science aComputer science, information & general works cBK 001040708CSaUITUbUITUd2005-01-18eP.I.A g830.53l0o004.6 HELpQ6020r2024-09-25 07:14:03w2024-09-25yBK c8519d8519